01177nam a2200193Ia 4500001001000000003001000010008004100020040002500061041001200086100003000098245008500128250001100213260007400224300001300298500026200311501011400573520026200687650003400949L235-9369IT-CnALBA170116s9999||||xx |||||||||||||| ||und|| aIT-CnALBAcIT-CnALBA aLATINO  aNEAPOLITANA SEU BISUNTINA 0aCANONIZATIONIS BEATAE JOANNAE ANTIDAE THOURET, FUNDATRICIS SORORUM A CHARITATE.  a1a ed. a ROMAbMIRRI E GUERRA c1931 [1° Ed.:1931 - Ed.Ling.Originale: 1931] a4671 p.  aCONGREGAZIONE DEI RITI. RELATORE CARDINAL GRANITO PIGNATELLI DI BELMONTE. ESAME SUI MIRACOLI. BEATA GIOVANNA ANTIDA THOURET, FONDATRICE DELLE SUORE DELLA CARITÀ. SOMMARIO. GIUDIZIO MEDICO SUI MIRACOLI. OBIEZIONI DEL PROMOTORE DELLA FEDE. RISPOSTA ALLE OBI aSocietà San Paolo EM - Piazza San Paolo, 14 - 12051 ALBA (CN) (non commercial uses only) ® Copyright 2017 aCONGREGAZIONE DEI RITI. RELATORE CARDINAL GRANITO PIGNATELLI DI BELMONTE. ESAME SUI MIRACOLI. BEATA GIOVANNA ANTIDA THOURET, FONDATRICE DELLE SUORE DELLA CARITÀ. SOMMARIO. GIUDIZIO MEDICO SUI MIRACOLI. OBIEZIONI DEL PROMOTORE DELLA FEDE. RISPOSTA ALLE OBI aMARIA SS. ANGELI SANTI DEMONI